000 01799nam a2200133Ia 4500
008 220615s9999||||xx |||||||||||||| ||und||
020 _a9783040000000
245 0 _aPower System Simulation, Control and Optimization
546 _aEnglish[eng]
650 _asubhourly modeling||stochastic unit commitment||cosimulation method||sensitivity analysis||power system dynamic performance||cooling system||dynamic programming||metal-air battery||receding horizon control||state variables||uninterruptible power supply||power flow computation||high performance computing (HPC)||parallelism||parallel computation||LU decomposition||security-constrained optimal power flow||chance-constrained optimization||probability of contingency||renewable energy source||flexible AC transmission systems||tabu search||multi-objective||power systems||impartial and open dispatching||economy||Gini coefficient||generation scheduling||mixed integer quadratic programming||flexible loads||market clearing||safety checking||interior point method||electric safety||induction motor||fan||overcurrent protection||aggregation||ancillary services||distributed energy resources||optimization||power system operation||automatic generation control (AGC)||frequency control||dynamic deadband||energy management system (EMS)||governor response||voltage collapse||voltage control||transformer controller||adaptive algorithm||voltage regulation||distribution system||power distribution network||distributed generation||OLTC||solar radiation modeling||GIS||interpolation||digital elevation model||data mining||ANFIS||multistrand cable lines||ampacity||skin and proximity effects||symmetry
700 _aDomínguez-Navarro, José Antonio||Yusta-Loyo, José María
856 _uhttps://mdpi.com/books/pdfview/book/3895
942 _cEB
999 _c8563
_d8563